000 00317nam a2200133Ia 4500
100 _aMcleish John
942 _cBK
654 _aMATHEMATICS
245 _aThe story of Numbers : How mathematics has shaped civilization
260 _bFawcett
_aNew York
_c1991
300 _a266
546 _aENGLISH
999 _c30895
_d30895